| 000 | 01060ngm a2200277 a 4500 | ||
|---|---|---|---|
| 003 | BLK | ||
| 005 | 20240604113943.0 | ||
| 007 | mr ba |ka|daaaac | ||
| 008 | 230818b bu |||||r|||| s0| mlbu d | ||
| 024 | _a3800210690513 | ||
| 040 | _aBLK | ||
| 041 |
_aBUL _cBUL |
||
| 080 |
_aКомедии _b791.221.2 _z791.221.2 |
||
| 245 |
_aПолицаят от Сен Тропе _cрежисьор Жан Жиро ; в ролите Луи дьо Фюнес и др. _hDVD |
||
| 260 |
_9214898 _aСофия _bА Дизайн _c2007 |
||
| 300 |
_a(95 мин.) _bцв. ; зв. _c12 см |
||
| 380 | _a7 | ||
| 500 | _aИзт.: Загл. екран ; Етикет ; Обложка. - МК 52382-4/28.06.2007. - Дигитално изд. | ||
| 511 | _aМишел Галабрю, Жоньовиев Гра, Ги Гросо и др. | ||
| 700 |
_9489016 _a Жиро, Жан |
||
| 852 |
_aЦб CD 5191 _bИП |
||
| 856 |
_i0.00 _ldisable |
||
| 942 |
_cCDD _n0 |
||
| 944 |
_cГеновева Генчева _k30542 _lРусанова Ирена |
||
| 999 |
_c494701 _d494701 |
||
| 999 | _d494701 | ||